[Event "Madrid-chT Honor 2223"]
[Site "Madrid"]
[Date "2023.02.26"]
[Round "11.2"]
[White "Neagu, Roberto Florin"]
[Black "Rottenwohrer Suarez, Juan"]
[Result "1/2-1/2"]
[WhiteElo "2321"]
[BlackElo "2317"]
[PlyCount "49"]
[EventDate "2022.11.20"]
[EventType "team-tourn"]
[EventRounds "14"]
[EventCountry "ESP"]
[SourceTitle "EXT 2024"]
[Source "ChessBase"]
[SourceDate "2023.10.10"]
[SourceVersion "1"]
[SourceVersionDate "2023.10.10"]
[SourceQuality "1"]
[WhiteTeam "Alcorcon Diagonal"]
[BlackTeam "San Sebastian de los Reyes"]
[WhiteTeamCountry "ESP"]
[BlackTeamCountry "ESP"]

1. c4 Nf6 2. Nc3 e5 3. Nf3 Nc6 4. e3 h6 5. d4 exd4 6. exd4 Bb4 7. Bd3 0-0 8. 0-0 d5 9. a3 dxc4 10. Bxc4 Bd6 11. h3 Bf5 12. Nb5 a6 13. Nxd6 Qxd6 14. b4 Nd5 15. Re1 b5 16. Bf1 a5 17. bxa5 Rxa5 18. Ne5 Rb8 19. Bd2 Raa8 20. Nxc6 Qxc6 21. Qf3 Bg6 22. Re5 Rd8 23. Rc1 Qd6 24. Rc5 Nf6 25. Bxb5 1/2-1/2

[Event "Titled Tuesday intern op 21st Feb Early"]
[Site "Chess.com INT"]
[Date "2023.02.21"]
[Round "2"]
[White "Golubev, Mikhail"]
[Black "Neagu, Roberto Florin"]
[Result "1-0"]
[WhiteElo "2461"]
[BlackElo "2321"]
[PlyCount "45"]
[EventDate "2023.02.21"]
[EventType "swiss (blitz)"]
[EventRounds "11"]
[EventCountry "USA"]
[SourceTitle "CBM 212 Extra"]
[Source "ChessBase"]
[SourceDate "2023.03.31"]
[SourceVersion "1"]
[SourceVersionDate "2023.03.31"]
[SourceQuality "1"]

1. e4 d6 2. d4 g6 3. c4 Bg7 4. Nc3 e5 5. dxe5 Bxe5 6. f4 Bg7 7. Nf3 Nc6 8. Bd3 Bg4 9. h3 Bxf3 10. Qxf3 Nd4 11. Qf2 Ne6 12. 0-0 Bd4 13. Be3 Bxe3 14. Qxe3 Qf6 15. e5 Qd8 16. f5 gxf5 17. Bxf5 Qd7 18. exd6 Qxd6 19. Nb5 Qb6 20. Qxb6 cxb6 21. Bxe6 Ke7 22. Bd5 Nf6 23. Rae1+ 1-0

[Event "Madrid-chT Honor 2223"]
[Site "Madrid"]
[Date "2023.02.05"]
[Round "8.2"]
[White "Neagu, Roberto Florin"]
[Black "Alonso Garcia, Aaron"]
[Result "0-1"]
[WhiteElo "2321"]
[BlackElo "2424"]
[PlyCount "138"]
[EventDate "2022.11.20"]
[EventType "team-tourn"]
[EventRounds "14"]
[EventCountry "ESP"]
[SourceTitle "EXT 2024"]
[Source "ChessBase"]
[SourceDate "2023.10.10"]
[SourceVersion "1"]
[SourceVersionDate "2023.10.10"]
[SourceQuality "1"]
[WhiteTeam "Alcorcon Diagonal"]
[BlackTeam "Collado Villalba"]
[WhiteTeamCountry "ESP"]
[BlackTeamCountry "ESP"]

1. Nf3 d6 2. c4 e5 3. Nc3 Nc6 4. d4 exd4 5. Nxd4 Nf6 6. g3 Bd7 7. Bg2 g6 8. 0-0 Bg7 9. c5 d5 10. Nc2 Ne7 11. Bf4 c6 12. Qd2 0-0 13. Rac1 Qc8 14. Rfd1 Bh3 15. Bh6 Bxg2 16. Bxg7 Kxg7 17. Kxg2 Nf5 18. Nd4 Re8 19. Qf4 Nxd4 20. Qxd4 Qf5 21. Rd3 Rad8 22. Rcd1 h5 23. Rf3 Qe5 24. Qxe5 Rxe5 25. Rf4 Nd7 26. b4 a5 27. a3 axb4 28. axb4 Nf8 29. Rfd4 Ne6 30. R4d3 g5 31. e3 g4 32. Ne2 Ra8 33. Nd4 Ra2 34. R3d2 Ra4 35. b5 Nxd4 36. exd4 Re4 37. bxc6 bxc6 38. Rb1 Rexd4 39. Rxd4 Rxd4 40. Rb6 Rc4 41. Rxc6 Rc1 42. h3 f5 43. hxg4 hxg4 44. f4 Rc2+ 45. Kf1 Kf7 46. Rc8 Ke7 47. c6 Rc5 48. Ke2 Kd6 49. Rf8 Kxc6 50. Rf6+ Kb5 51. Rxf5 Kc4 52. Rf8 Kc3 53. Ra8 d4 54. Ra3+ Kb4 55. Ra8 Kc4 56. Kd2 Rb5 57. Kc2 d3+ 58. Kc1 Rh5 59. Kd2 Rh2+ 60. Kd1 Rf2 61. Rc8+ Kd4 62. Re8 Rf3 63. Rd8+ Ke3 64. Re8+ Kf2 65. Kd2 Kxg3 66. Rd8 Kxf4 67. Ke1 Kg3 68. Rg8 Kh3 69. Rh8+ Kg2 0-1

[Event "Madrid Alcorcon op 1st"]
[Site "Madrid"]
[Date "2022.12.29"]
[Round "7"]
[White "Rey Martinez, Jaime"]
[Black "Neagu, Roberto Florin"]
[Result "0-1"]
[WhiteElo "2154"]
[BlackElo "2229"]
[PlyCount "86"]
[EventDate "2022.12.26"]
[EventType "swiss"]
[EventRounds "9"]
[EventCountry "ESP"]
[SourceTitle "CBM 212 Extra"]
[Source "ChessBase"]
[SourceDate "2023.03.31"]
[SourceVersion "1"]
[SourceVersionDate "2023.03.31"]
[SourceQuality "1"]

1. e4 c5 2. Nf3 Nc6 3. d4 cxd4 4. Nxd4 g6 5. c4 Bg7 6. Be3 Nf6 7. Nc3 d6 8. Be2 0-0 9. 0-0 Bd7 10. h3 Nxd4 11. Bxd4 Bc6 12. Qc2 a5 13. Rad1 Nd7 14. Bxg7 Kxg7 15. Bg4 Nc5 16. e5 f5 17. Be2 f4 18. Nd5 dxe5 19. Nxf4 Qc7 20. Nd5 Bxd5 21. Rxd5 Rad8 22. Qc3 Rxd5 23. cxd5 Rf4 24. Bf3 b6 25. Re1 Rd4 26. Qe3 Nd7 27. g3 Qd6 28. Kg2 h5 29. Rc1 Nc5 30. Re1 Nd7 31. Rc1 Nc5 32. Re1 Nd3 33. Re2 Qf6 34. Be4 Nc5 35. f3 h4 36. Kh2 e6 37. dxe6 hxg3+ 38. Kxg3 Nxe6 39. Rc2 Nf4 40. Rc7+ Kh6 41. h4 Qe6 42. Rc6 Qh3+ 43. Kf2 Qxh4+ 0-1

[Event "Madrid Alcorcon op 1st"]
[Site "Madrid"]
[Date "2022.12.28"]
[Round "6"]
[White "Neagu, Roberto Florin"]
[Black "Sierra Pena, Mario"]
[Result "1-0"]
[WhiteElo "2229"]
[BlackElo "1580"]
[PlyCount "73"]
[EventDate "2022.12.26"]
[EventType "swiss"]
[EventRounds "9"]
[EventCountry "ESP"]
[SourceTitle "CBM 212 Extra"]
[Source "ChessBase"]
[SourceDate "2023.03.31"]
[SourceVersion "1"]
[SourceVersionDate "2023.03.31"]
[SourceQuality "1"]

1. c4 e5 2. Nc3 Nf6 3. Nf3 Nc6 4. e4 Bc5 5. Nxe5 Nxe5 6. d4 Bd6 7. c5 Bxc5 8. dxe5 Ng8 9. Qg4 g6 10. Qg3 c6 11. h4 d5 12. Bg5 Be7 13. exd5 cxd5 14. Bb5+ Kf8 15. Rd1 Be6 16. 0-0 h6 17. Bxe7+ Nxe7 18. Qf4 Nf5 19. h5 d4 20. hxg6 fxg6 21. Ne4 Kg7 22. g4 Qh4 23. Rc1 Rac8 24. Qf3 Bd5 25. Bd7 Rcf8 26. Bxf5 gxf5 27. Rc7+ Kg6 28. Qg3 Qxg3+ 29. Nxg3 fxg4 30. Rd1 Re8 31. Rxd4 Rxe5 32. Rxg4+ Kf6 33. Rf4+ Kg5 34. Rd4 Rf8 35. Rc5 Re1+ 36. Nf1 Kf6 37. Rf4+ 1-0